Technological change and transition: relative contributions to worldwide growth during the 1990s (Record no. 79125)

000 -LEADER
fixed length control field 00528pab a2200181 454500
008 - FIXED-LENGTH DATA ELEMENTS--GENERAL INFORMATION
fixed length control field 180718b2008 xxu||||| |||| 00| 0 eng d
100 ## - MAIN ENTRY--PERSONAL NAME
Personal name Badunenko, Oleg
245 ## - TITLE STATEMENT
Title Technological change and transition: relative contributions to worldwide growth during the 1990s
260 ## - PUBLICATION, DISTRIBUTION, ETC.
Date of publication, distribution, etc. 2008
300 ## - PHYSICAL DESCRIPTION
Extent p.461-92.
362 ## - DATES OF PUBLICATION AND/OR SEQUENTIAL DESIGNATION
Dates of publication and/or sequential designation Aug
650 ## - SUBJECT ADDED ENTRY--TOPICAL TERM
Topical term or geographic name entry element Technological change
700 ## - ADDED ENTRY--PERSONAL NAME
Personal name Zelenyuk, Vanentin
700 ## - ADDED ENTRY--PERSONAL NAME
Personal name Henderson, Daniel J.
773 ## - HOST ITEM ENTRY
Main entry heading Oxford Bulletin of Economics and Statistics
908 ## - PUT COMMAND PARAMETER (RLIN)
Put command parameter N
909 ## -
-- 79125
Holdings
Withdrawn status Lost status Damaged status Not for loan Permanent Location Current Location Date acquired Serial Enumeration / chronology Barcode Date last seen Price effective from Koha item type
        Indian Institute of Public Administration Indian Institute of Public Administration 2018-07-19 Volume no: 70, Issue no: 4 AR79585 2018-07-19 2018-07-19 Articles

Powered by Koha